000 00235nam a2200097Ia 4500
008 190216s9999||||xx |||||||||||||| ||und||
100 _aVijayan Nair
245 0 _aNalacharitham Munaam Divasam
260 _bAjith Book Center
942 _cBK
999 _c25666
_d25666